| 000 | 00688nam a2200241Ia 4500 | ||
|---|---|---|---|
| 003 | OSt | ||
| 005 | 20220924125642.0 | ||
| 006 | a|||||r|||| 00| 0 | ||
| 007 | ta | ||
| 008 | 220923b |||||||| |||| 00| 0 per d | ||
| 024 | _a325480 | ||
| 037 | _cTextual | ||
| 040 |
_aARTS _cARTS _bper |
||
| 041 |
_2per _aper |
||
| 082 | _aO164jN03, M2 | ||
| 100 |
_aMohaghegh M _9198684 |
||
| 245 | 0 |
_aAram nameh _b collected papers presented to Ahmad Aram |
|
| 260 |
_aTehran _bAssociation of professor of Persian Iran _c1982 |
||
| 300 |
_a576p. _ccm. |
||
| 650 |
_aPERSIAN LITERATURE _9309 |
||
| 942 |
_hO164jN03, M2 _cTEXL _2CC |
||
| 999 |
_c423141 _d423141 |
||